|
|
|
|
| LEADER |
00000naa2a2200000 4500 |
| 001 |
155840 |
| 005 |
20231031152721.0 |
| 035 |
|
|
|a (RuTPU)RU\TPU\book\169024
|
| 090 |
|
|
|a 155840
|
| 100 |
|
|
|a 20090319d1995 k y0rusy50 ca
|
| 101 |
0 |
|
|a rus
|
| 102 |
|
|
|a RU
|
| 200 |
1 |
|
|a Разработка машинных программных средств на кафедре "экологии и безопасности жизнедеятельности"
|f А. Г. Дашковский, В. Ф. Панин
|
| 463 |
|
1 |
|0 (RuTPU)RU\TPU\book\335
|t Организация учебного процесса и технология обучения в системе многоуровневой подготовки специалистов
|o тезисы докладов
|f под ред. Г. А. Сипайлова
|v С. 64
|d 1995
|p 95 с.
|
| 610 |
1 |
|
|a труды учёных ТПУ
|
| 700 |
|
1 |
|a Дашковский
|b А. Г.
|c специалист в области экологии и безопасности жизнедеятельности
|c доцент Томского политехнического университета, кандидат технических наук
|f 1953-
|g Анатолий Григорьевич
|2 stltpush
|3 (RuTPU)RU\TPU\pers\26052
|
| 701 |
|
1 |
|a Панин
|b В. Ф.
|c специалист в области экологии и безопасности жизнедеятельности
|c профессор Томского политехнического университета
|f 1940-
|g Владимир Филиппович
|2 stltpush
|3 (RuTPU)RU\TPU\pers\21989
|
| 801 |
|
1 |
|a RU
|b 63413507
|c 20090319
|g PSBO
|
| 801 |
|
2 |
|a RU
|b 63413507
|c 20150907
|g PSBO
|
| 942 |
|
|
|c BK
|